<?xml version="1.0" encoding="UTF-8"?><?xml-stylesheet type="text/xsl" href="static/style.xsl"?><OAI-PMH xmlns="http://www.openarchives.org/OAI/2.0/" xmlns:xsi="http://www.w3.org/2001/XMLSchema-instance" xsi:schemaLocation="http://www.openarchives.org/OAI/2.0/ http://www.openarchives.org/OAI/2.0/OAI-PMH.xsd"><responseDate>2026-04-17T03:14:41Z</responseDate><request verb="GetRecord" identifier="oai:www.recercat.cat:11351/9554" metadataPrefix="marc">https://recercat.cat/oai/request</request><GetRecord><record><header><identifier>oai:recercat.cat:11351/9554</identifier><datestamp>2025-05-04T02:56:13Z</datestamp><setSpec>com_2072_378070</setSpec><setSpec>com_2072_378040</setSpec><setSpec>col_2072_378092</setSpec></header><metadata><record xmlns="http://www.loc.gov/MARC21/slim" xmlns:dcterms="http://purl.org/dc/terms/" xmlns:xsi="http://www.w3.org/2001/XMLSchema-instance" xmlns:doc="http://www.lyncode.com/xoai" xsi:schemaLocation="http://www.loc.gov/MARC21/slim http://www.loc.gov/standards/marcxml/schema/MARC21slim.xsd">
   <leader>00925njm 22002777a 4500</leader>
   <datafield ind2=" " ind1=" " tag="042">
      <subfield code="a">dc</subfield>
   </datafield>
   <datafield ind2=" " ind1=" " tag="720">
      <subfield code="a">Joshua, Anthony</subfield>
      <subfield code="e">author</subfield>
   </datafield>
   <datafield ind2=" " ind1=" " tag="720">
      <subfield code="a">Armstrong, Andrew</subfield>
      <subfield code="e">author</subfield>
   </datafield>
   <datafield ind2=" " ind1=" " tag="720">
      <subfield code="a">Crumbaker, Megan</subfield>
      <subfield code="e">author</subfield>
   </datafield>
   <datafield ind2=" " ind1=" " tag="720">
      <subfield code="a">Scher, Howard I.</subfield>
      <subfield code="e">author</subfield>
   </datafield>
   <datafield ind2=" " ind1=" " tag="720">
      <subfield code="a">de Bono, Johann S</subfield>
      <subfield code="e">author</subfield>
   </datafield>
   <datafield ind2=" " ind1=" " tag="720">
      <subfield code="a">TOMBAL, Bertrand</subfield>
      <subfield code="e">author</subfield>
   </datafield>
   <datafield ind2=" " ind1=" " tag="720">
      <subfield code="a">Carles, Joan</subfield>
      <subfield code="e">author</subfield>
   </datafield>
   <datafield ind2=" " ind1=" " tag="260">
      <subfield code="c">2023-05-18T07:13:06Z</subfield>
   </datafield>
   <datafield ind2=" " ind1=" " tag="260">
      <subfield code="c">2023-05-18T07:13:06Z</subfield>
   </datafield>
   <datafield ind2=" " ind1=" " tag="260">
      <subfield code="c">2022-07</subfield>
   </datafield>
   <datafield ind2=" " ind1=" " tag="520">
      <subfield code="a">Castration-resistant prostate cancer; Metformin; Overall survival</subfield>
   </datafield>
   <datafield ind2=" " ind1=" " tag="520">
      <subfield code="a">Càncer de pròstata resistent a la castració; Metformina; Supervivència global</subfield>
   </datafield>
   <datafield ind2=" " ind1=" " tag="520">
      <subfield code="a">Cáncer de próstata resistente a la castración; Metformina; Supervivencia global</subfield>
   </datafield>
   <datafield ind2=" " ind1=" " tag="520">
      <subfield code="a">Background: Statins and metformin are commonly prescribed for patients, including those with prostate cancer. Preclinical and epidemiologic studies of each agent have suggested anti-cancer properties.&#xd;
&#xd;
Methods: Patient data from three randomised, double-blind, placebo-controlled, phase III studies evaluating enzalutamide (AFFIRM, PREVAIL and PROSPER) in patients with castration-resistant prostate cancer were included in this analysis. This post hoc, retrospective study examined the association of statin and metformin on radiographic progression-free survival (rPFS), metastasis-free survival (MFS), toxicity and overall survival (OS). After adjusting for available clinical prognostic variables, multivariate analyses were performed on pooled data from AFFIRM and PREVAIL, all three trials pooled, and each trial individually, to assess differential efficacy in these end-points associated with the baseline use of these medications.&#xd;
&#xd;
Results: In the multivariate analysis of the individual trials, OS and rPFS/MFS were not significantly influenced by statin or metformin use in AFFIRM or PROSPER. However, in PREVAIL, OS was significantly influenced by statin (hazard ratio [HR] 0.72; 95% confidence interval [CI] 0.59-0.89) and rPFS was significantly influenced by metformin (HR, 0.48; 95% CI 0.34-0.70). In pooled analyses, improved OS was significantly associated with statin use but not metformin use for AFFIRM+PREVAIL trials (HR 0.83; 95% CI 0.72-0.96) and AFFIRM+PREVAIL+PROSPER (HR 0.75; 95% CI 0.66-0.85).&#xd;
&#xd;
Conclusions: The association between statin or metformin use and rPFS, MFS and OS was inconsistent across three trials. Analyses of all three trials pooled and AFFIRM+PREVAIL pooled revealed that statin but not metformin use was significantly associated with a reduced risk of death in enzalutamide-treated patients. Additional prospective, controlled studies are warranted.</subfield>
   </datafield>
   <datafield ind2=" " ind1=" " tag="520">
      <subfield code="a">This study was sponsored by Pfizer Inc. (New York, NY, USA) and Astellas Pharma, Inc. (Northbrook, IL, USA), the co-developers of enzalutamide. Medical writing and editorial support funded by the sponsors were provided by Stephanie Vadasz, PhD, and Dena McWain of Ashfield MedComms (an Ashfield Health company), Lauren Rainer, BSc, and Julie B. Stimmel, PhD, of Onyx (a Prime Global agency).</subfield>
   </datafield>
   <datafield tag="653" ind2=" " ind1=" ">
      <subfield code="a">Pròstata - Càncer - Tractament</subfield>
   </datafield>
   <datafield tag="653" ind2=" " ind1=" ">
      <subfield code="a">Avaluació de resultats (Assistència sanitària)</subfield>
   </datafield>
   <datafield tag="653" ind2=" " ind1=" ">
      <subfield code="a">Metformina - Ús terapèutic</subfield>
   </datafield>
   <datafield tag="653" ind2=" " ind1=" ">
      <subfield code="a">DISEASES::Neoplasms::Neoplasms by Site::Urogenital Neoplasms::Genital Neoplasms, Male::Prostatic Neoplasms::Prostatic Neoplasms, Castration-Resistant</subfield>
   </datafield>
   <datafield tag="653" ind2=" " ind1=" ">
      <subfield code="a">Other subheadings::Other subheadings::Other subheadings::/drug therapy</subfield>
   </datafield>
   <datafield tag="653" ind2=" " ind1=" ">
      <subfield code="a">ANALYTICAL, DIAGNOSTIC AND THERAPEUTIC TECHNIQUES, AND EQUIPMENT::Diagnosis::Prognosis::Treatment Outcome</subfield>
   </datafield>
   <datafield tag="653" ind2=" " ind1=" ">
      <subfield code="a">CHEMICALS AND DRUGS::Organic Chemicals::Amidines::Guanidines::Biguanides::Metformin</subfield>
   </datafield>
   <datafield tag="653" ind2=" " ind1=" ">
      <subfield code="a">Other subheadings::Other subheadings::/therapeutic use</subfield>
   </datafield>
   <datafield tag="653" ind2=" " ind1=" ">
      <subfield code="a">ENFERMEDADES::neoplasias::neoplasias por localización::neoplasias urogenitales::neoplasias de los genitales masculinos::neoplasias de la próstata::neoplasias prostáticas resistentes a la castración</subfield>
   </datafield>
   <datafield tag="653" ind2=" " ind1=" ">
      <subfield code="a">Otros calificadores::Otros calificadores::Otros calificadores::/farmacoterapia</subfield>
   </datafield>
   <datafield tag="653" ind2=" " ind1=" ">
      <subfield code="a">TÉCNICAS Y EQUIPOS ANALÍTICOS, DIAGNÓSTICOS Y TERAPÉUTICOS::diagnóstico::pronóstico::resultado del tratamiento</subfield>
   </datafield>
   <datafield tag="653" ind2=" " ind1=" ">
      <subfield code="a">COMPUESTOS QUÍMICOS Y DROGAS::compuestos orgánicos::amidinas::guanidinas::biguanidas::metformina</subfield>
   </datafield>
   <datafield tag="653" ind2=" " ind1=" ">
      <subfield code="a">Otros calificadores::Otros calificadores::/uso terapéutico</subfield>
   </datafield>
   <datafield ind2="0" ind1="0" tag="245">
      <subfield code="a">Statin and metformin use and outcomes in patients with castration-resistant prostate cancer treated with enzalutamide: A meta-analysis of AFFIRM, PREVAIL and PROSPER</subfield>
   </datafield>
</record></metadata></record></GetRecord></OAI-PMH>